000 00662nam a2200277Ia 4500
005 20260324142754.0
008 008 260324s9999 xx 000 0 eng d
020 _a9781315286938
037 _aEBOOK
040 _aCRL
040 _beng
040 _cCRL
041 _2eng
041 _aeng
084 _qCRL
100 _aJeffrey W. Hahn; Theodore H. Friedgut
_91213187
245 0 _aLocal Power and Post-Soviet Politics
260 _bTaylor and Francis
260 _c1994
365 _a
365 _b145
856 _uhttp://www.taylorfrancis.com/books/9781315286938
942 _cEBOOK
999 _c1817765
_d1817765